000 00715cam a22002533a 4500
001 3681
003 PGUSA
005 20140828083037.0
008 041016s2004||||xxu|||||s|||||000 1 eng d
040 _aPGUSA
_beng
042 _adc
050 4 _aPS
100 1 _aChurchill, Winston,
_d1871-1947
245 1 0 _aMr. Crewe's Career — Volume 1
_h[electronic resource] /
_cWinston Churchill
260 _bProject Gutenberg,
_c2004
506 _aPublic domain in the USA.
516 _aElectronic text
653 _aDidactic fiction
653 _aPolitical fiction
653 _aSocial problems -- Fiction
830 0 _aProject Gutenberg
_v3681
856 4 0 _uhttp://www.gutenberg.org/ebooks/3681
942 _cEB
999 _c233010
_d233010